farming simulator - Statistiques

Statistiques générales
  • Ce quiz a été pris 359 fois
  • Le résultat moyen est 7 sur 8
Statistiques - réponses
Question Réponse % Correct
comment apelle t on l'objet que l'on met devant la moissoneuse pour récolter une semence une barre de coupe
99%
avec quoi on ensile une ensileuse
98%
avec quel outie on seme un semoir
97%
avec quel outil on crée un champ une charrue
96%
quand est sortie fs 16 2015
89%
avec quoi on plante le soja et le maïs une planteuse
86%
à quoi sert un épandeur à lisier a fertiliser le champ avant la semence
68%
combien il y a de stade de fertilisation dans fs 22 2
35%
Aucun quiz correspondant
Distribution des résultats
% des personnes avec chaque résultat
Percentile par nombre de réponses
Votre historique - résultats
Vous n’avez pas pris ce quiz